[Event "Lansing op"]
[Site "Lansing"]
[Date "2002.09.01"]
[Round "3"]
[White "Beshore, Brad"]
[Black "Forshee, Dan"]
[Result "1-0"]
[WhiteElo "1748"]
[BlackElo "1370"]
[PlyCount "39"]
[EventDate "2002.08.30"]
[EventType "swiss"]
[EventRounds "7"]
[EventCountry "USA"]
[SourceTitle "EXT 2007"]
[Source "ChessBase"]
[SourceDate "2006.11.23"]
[SourceVersion "1"]
[SourceVersionDate "2006.11.23"]
[SourceQuality "1"]

1. e4 c5 2. Nc3 Nc6 3. Bb5 d6 4. Bxc6+ bxc6 5. f4 g6 6. Nf3 Bg7 7. 0-0 e5 8. fxe5 dxe5 9. Na4 c4 10. Qe2 Ba6 11. Nc5 Qb6 12. d4 exd4 13. Nxa6 d3+ 14. Qe3 Qxa6 15. Ng5 0-0-0 16. Qh3+ f5 17. exf5 Ne7 18. f6+ Nf5 19. fxg7 Qb6+ 20. Kh1 1-0

[Event "Lansing op"]
[Site "Lansing"]
[Date "2002.09.01"]
[Round "5"]
[White "Forshee, Dan"]
[Black "Griffin, John P"]
[Result "0-1"]
[WhiteElo "1370"]
[BlackElo "1500"]
[PlyCount "122"]
[EventDate "2002.08.30"]
[EventType "swiss"]
[EventRounds "7"]
[EventCountry "USA"]
[SourceTitle "EXT 2007"]
[Source "ChessBase"]
[SourceDate "2006.11.23"]
[SourceVersion "1"]
[SourceVersionDate "2006.11.23"]
[SourceQuality "1"]

1. Nf3 Nf6 2. c4 c5 3. Nc3 a6 4. g3 d5 5. cxd5 Nxd5 6. d3 Nc6 7. Bg2 Nxc3 8. bxc3 e5 9. 0-0 Be7 10. Rb1 0-0 11. Qb3 Qc7 12. Be3 Rb8 13. Nd2 Be6 14. c4 Nd4 15. Bxd4 exd4 16. Rb2 b5 17. Qc2 bxc4 18. dxc4 Rxb2 19. Qxb2 Rb8 20. Qc2 g6 21. Re1 Rb6 22. e3 dxe3 23. Rxe3 Bf6 24. Nb3 Rd6 25. Bf1 Bf5 26. Qe2 Re6 27. h3 Qd6 28. g4 Rxe3 29. Qxe3 Bd7 30. Qxc5 Qf4 31. Qe3 Qd6 32. c5 Qd5 33. Bg2 Qd1+ 34. Kh2 Be6 35. c6 Bd8 36. Nc5 Qd6+ 37. f4 Bb6 38. Qe5 Bxc5 39. c7 Qxe5 40. fxe5 Bb6 41. Bb7 Bxc7 42. Bxa6 Bxe5+ 43. Kg2 f5 44. Bd3 Bd5+ 45. Kf2 f4 46. Bc2 g5 47. Bd3 Kg7 48. Kf1 h6 49. Kf2 Kf6 50. Bf1 Bd4+ 51. Ke1 Ke5 52. Kd2 f3 53. Kd3 Be4+ 54. Kc4 Ba7 55. Kc3 Kf4 56. Kd2 Bb7 57. Kd1 Kg3 58. Ke1 Bb6 59. Kd2 f2 60. Kd1 Bg2 61. Ke2 Kxh3 0-1